书目信息 |
| 题名: |
光学非球面检验
|
|
| 作者: | 普里亚耶夫 著 ;杨力 译 | |
| 分册: | ||
| 出版信息: | 北京 科学出版社 1982 |
|
| 页数: | 294页 | |
| 开本: | 19cm | |
| 丛书名: | ||
| 单 册: | ||
| 中图分类: | TH74 | |
| 科图分类: | ||
| 主题词: | 光学仪器 | |
| 电子资源: | ||
| ISBN: | ||
| 000 | 00595nam0 2200229 45 981 | |
| 001 | 0657502021 | |
| 005 | 20060731160057.07 | |
| 010 | @dCNY1.50 | |
| 091 | @a15031.421 | |
| 100 | @a19980929 m 0 | |
| 101 | 1 | @achi@crus |
| 102 | @aCN@b110000 | |
| 105 | @ay z 000yy | |
| 200 | 10 | @a光学非球面检验@f(苏)普里亚耶夫著@Aguang xue fei qiu mian jian yan@g杨力译 |
| 210 | @a北京@c科学出版社@d1982 | |
| 215 | @a294页@d19cm | |
| 606 | @a光学仪器 | |
| 690 | @aTH74@v3 | |
| 701 | 1 | @a普里亚耶夫@4著@Apu li ya ye fu |
| 702 | 0 | @a杨力@4译@Ayang li |
| 801 | 0 | @c20060731 |
| 905 | @a10447@dTH74@e39 | |
| 光学非球面检验/(苏)普里亚耶夫著/杨力译 .-北京:科学出版社,1982 |
| 294页;19cm |
| ISBN :CNY1.50 |
| ● |
| 相关链接 |
|
|
|
|
正题名:光学非球面检验
索取号:TH74/39
 
预约/预借
| 序号 | 登录号 | 条形码 | 馆藏地/架位号 | 状态 | 备注 |
| 1 | 0439186 | 204391862 | 密集书库/ [索取号:TH74/39] | 在馆 |